Sasyasamrakshanam(Crop protection) (Record no. 22835)

MARC details
000 -LEADER
fixed length control field 00323nam a2200121Ia 4500
082 ## - DEWEY DECIMAL CLASSIFICATION NUMBER
Classification number 632.9
Item number JOS
100 ## - MAIN ENTRY--AUTHOR NAME
Personal name JOSEPH, A K
245 #0 - TITLE STATEMENT
Title Sasyasamrakshanam(Crop protection)
260 ## - PUBLICATION, DISTRIBUTION, ETC. (IMPRINT)
Place of publication Trivandrum
Name of publisher State Inst of Languages
Year of publication 1970
650 ## - SUBJECT ADDED ENTRY--TOPICAL TERM
Topical Term Crop protection
942 ## - ADDED ENTRY ELEMENTS (KOHA)
Koha item type Books
Holdings
Withdrawn status Lost status Damaged status Not for loan Home library Current library Date acquired Full call number Accession Number Koha item type
        RRII Library RRII Library 16/12/2021 632.9 JOS 03546 Books